Mistrzowie świata w skokach narciarskich za czasów pś - Statystyki

Ogólne statystyki
  • Ten quiz został rozwiązany 141 razy
    101 od ostatniego zresetowania
  • Średni wynik to 24 z 42
Statystyki odpowiedzi
Mistrz świata Miejscowość Rok Typ skoczni % Poprawnych
Kamil Stoch Predazzo 2013 duża
96%
Adam Małysz Lahti 2001 normalna
95%
Adam Małysz Predazzo 2003 normalna
95%
Adam Małysz Predazzo 2003 duża
95%
Adam Małysz Sapporo 2007 normalna
95%
Piotr Żyła Oberstdorf 2021 normalna
95%
Dawid Kubacki Seefeld 2019 normalna
92%
Piotr Żyła Planica 2023 normalna
88%
Stefan Kraft Lahti 2017 normalna
88%
Stefan Kraft Lahti 2017 duża
88%
Stefan Kraft Oberstdorf 2021 duża
83%
Janne Ahonen Trondheim 1997 normalna
78%
Janne Ahonen Oberstdorf 2005 duża
78%
Simon Amman Sapporo 2007 duża
77%
Timi Zajc Planica 2023 duża
77%
Severin Freund Falun 2015 duża
76%
Markus Eisenbichler Innsbruck 2019 duża
71%
Thomas Morgenstern Oslo 2011 normalna
69%
Martin Schmitt Bischofshofen 1999 duża
67%
Martin Schmitt Lahti 2001 duża
67%
Anders Bardal Predazzo 2013 normalna
64%
Gregor Schlierenzauer Oslo 2011 duża
62%
Matti Nykanen Oslo 1982 duża
60%
Rune Velta Falun 2015 normalna
58%
Kazuyoshi Funaki Ramsau 1999 normalna
55%
Rok Benkovic Oberstdorf 2005 normalna
46%
Wolfgang Loitzl Liberec 2009 normalna
46%
Andreas Kuettel Liberec 2009 duża
40%
Takanobu Okabe Thunder Bay 1995 normalna
35%
Espen Bredesen Falun 1993 duża
32%
Masahiko Harada Falun 1993 normalna
29%
Masahiko Harada Trondheim 1997 duża
29%
Tommy Ingebrigtsen Thunder Bay 1995 duża
28%
Andreas Felder Oberstdorf 1987 duża
27%
Armin Kogler Oslo 1982 normalna
22%
Heinz Kuttin Predazzo 1991 normalna
22%
Jari Puikkonen Lahti 1989 duża
19%
Jens Weisslog Seefeld 1985 normalna
18%
Jens Weisslog Lahti 1989 normalna
18%
Franci Petek Predazzo 1991 duża
14%
Jiri Parma Oberstdorf 1987 normalna
13%
Per Bergerud Innsbruck 1985 duża
12%
Nie znaleziono quizów pasujących do podanych kryteriów
Rozkład punktacji
Procent ludzi z każdym wynikiem
Percentyl według liczby udzielonych odpowiedzi
Twoja historia wyników
Nie rozwiązałeś tego quizu od ostatniego zresetowania